00359nam a2200133Ia 4500008004100000020001500041041001200056082001600068100002300084245006100107260003400168300000800202650001500210221030s9999 xx 000 0 und d a8178883481 aEnglish a105.23bMah aParvati Mahalanbis 0aText Book Of Public Relations & Corporate Communications bDominant PubaNew Delhic2005 a348 aManagement